| 000 | 00315nam a22001217a 4500 | ||
|---|---|---|---|
| 082 |
_a297 _bIDR |
||
| 100 |
_aIdress, Mulana Muhammad Khandalvi _951373 |
||
| 245 | _aختم نبوت | ||
| 260 |
_aIdara Islamiyat, _bLahore, _c1977. |
||
| 300 | _a104p. | ||
| 526 |
_a0 _b0 _c0 _d297_000000000000000_IDR |
||
| 942 |
_2ddc _cBK |
||
| 999 |
_c554076 _d554076 |
||